IFM Opac

Esentials of Entrepreneurship and Small Business Management (Record no. 22144)

MARC details
000 -LEADER
fixed length control field 00406nam a22001457a 4500
020 ## - INTERNATIONAL STANDARD BOOK NUMBER
ISBN 978-1-292-26602-2
082 ## - DEWEY DECIMAL CLASSIFICATION NUMBER
Classification number 658.022
100 ## - MAIN ENTRY--AUTHOR NAME
Personal name Scarborough, Norman M.
245 ## - TITLE STATEMENT
Title Esentials of Entrepreneurship and Small Business Management
250 ## - EDITION STATEMENT
Edition statement 9th
260 ## - PUBLICATION, DISTRIBUTION, ETC. (IMPRINT)
Place of publication Harlow:
Name of publisher Pearson Education,
Year of publication 2019
300 ## - PHYSICAL DESCRIPTION
Number of Pages 827p.: ill.; 28cm
700 ## - ADDED ENTRY--PERSONAL NAME
Personal name Cornwall, Jeffrey R.
942 ## - ADDED ENTRY ELEMENTS (KOHA)
Koha item type Books
Holdings
Withdrawn status Lost status Damaged status Not for loan Collection code Permanent Location Current Location Shelving location Date acquired Source of acquisition Full call number Accession Number Price effective from Koha item type
        Non-fiction IFM Main Campus Library IFM Main Campus Library Work Room processing 01/14/2026 Purchased 658.022 SCA 0000030262 01/14/2026 Books
        Non-fiction IFM Main Campus Library IFM Main Campus Library Work Room processing 01/14/2026 Purchased 658.022 SCA 0000030261 01/14/2026 Books
        Non-fiction IFM Main Campus Library IFM Main Campus Library Work Room processing 01/14/2026 Purchased 658.022 SCA 0000030263 01/14/2026 Books